Which Came First - Pictures - Statistics

General Stats
  • This quiz has been taken 280 times
  • The average score is 10 of 15
Answer Stats
Question Answer % Correct
Which image was taken first?
96%
Which image was taken first?
87%
Which image was taken first?
83%
Which image was taken first?
78%
Which image was taken first?
74%
Which image was taken first?
70%
Which image was taken first?
65%
Which image was taken first?
65%
Which image was taken first?
61%
Which image was taken first?
61%
Which image was taken first?
57%
Which image was taken first?
52%
Which image was taken first?
48%
Which image was taken first?
43%
Which image was taken first?
30%
No matching quizzes found
Score Distribution
Percent of People with Each Score
Percentile by Number Answered
Your Score History
You have not taken this quiz